000 00499nam a2200169Ia 4500
008 090711s9999 xx 000 0 und d
082 _b77518
100 _aपाटील नेताजी
245 _aअनोळखी पक्षी
260 _c1994
300 _a62
600 _aपाटील नेताजी
630 _aअनोळखी पक्षी
700 _aपाटील नेताजी
730 _aअनोळखी पक्षी
942 _cBOOK
999 _c291614
_d291614